Statistics for Double Trouble Countries 3

Click here to take the quiz!

General Stats

  • This quiz has been taken 52 times
  • The average score is 35 of 40

Answer Stats

Hint Answer % Correct
1) Albo / GerialiviaBolivia
98%
8) Brunor / NeiwayNorway
98%
Brunei
98%
6) Botye / MenswanaBotswana
98%
4) Riagium / BelsyBelgium
95%
Syria
95%
2) Adcap / CheverdeCape Verde
95%
Azerbaijan
95%
Algeria
93%
Yemen
93%
7) Palza / NembiaNepal
93%
Zambia
93%
Chad
93%
16) Panrocco / MojaMorocco
90%
5) Danbaha / MassuSudan
90%
Bahamas
90%
12) Icadiarabia / CostarsauCosta Rica
90%
Iraq
88%
Afghanistan
88%
Philippines
88%
11) Pinesivo / PhiliprycoastIvory Coast
88%
Vatican
88%
10) Taazerba / IjaniwanTaiwan
86%
14) Sounistan / ThafricaafghaSouth Africa
86%
9) Canile / VatichChile
86%
Japan
86%
3) Toleba / NganonTonga
83%
Djibouti
83%
18) Nyaq / IrakeKenya
81%
Lebanon
81%
13) Arinodjib / SanmoutiSan Marino
81%
Saudi Arabia
81%
19) Nicain / DomidiaDominica
79%
17) Bursia / KinafasoindoneIndonesia
76%
Burkina Faso
76%
Tuvalu
74%
Gabon
74%
20) Guador / AbonecEcuador
71%
India
69%
15) Tumaur / ItaniavaluMauritania
60%

Score Distribution

Percentile by Number Answered

Percent of People with Each Score

Your Score History

You have not taken this quiz